| 000 | 00634nam a2200205Ia 4500 | ||
|---|---|---|---|
| 005 | 20250508160830.0 | ||
| 008 | 008 250505s9999 xx 000 0 eng d | ||
| 020 | _a0-471-09105-7 | ||
| 037 | _aTextual | ||
| 040 |
_aFEDL _beng _cFEDL |
||
| 041 |
_aeng _2eng |
||
| 084 |
_a370.193, BOU _qFEDL |
||
| 100 | _aBoudon Raymond | ||
| 245 | 0 | _aEducation, opportunity and social inquality : Changing prospects in western society | |
| 260 |
_aNew York, USA _bJohn Wiley and Sons _c1973 |
||
| 300 | _axxvii,220p | ||
| 490 | _aWiley series in Urban research | ||
| 942 |
_cTEXL _h370.193, BOU |
||
| 999 |
_c1366869 _d1366869 |
||